000 00662nam a2200205Ia 4500
001 14921
003 GE_BSU
008 181216s||||||||xx |||||||||||||| ||und||
040 _cGE_BSU
080 _a531(076.1)(075.32)
100 _aБать,М.И.
245 _aСборник задач по теоретической механике для техникумов
245 _cПод.ред.А.С.Кельзона
260 _aМосква
260 _bГосиздат
260 _c1958
300 _a320стр.20см.
653 _aСборник задач по теоретической механике для техникумов
942 _cBK
999 _c48041
_d48041